[Event "Winnipeg TNT June op"]
[Site "Winnipeg CAN"]
[Date "2012.06.19"]
[Round "3.4"]
[White "Babb, Jeff"]
[Black "De Groot, Steven"]
[Result "1-0"]
[WhiteElo "2208"]
[BlackElo "1890"]
[PlyCount "75"]
[GameId "2160767909509202"]
[EventDate "2012.06.05"]
[EventType "swiss"]
[EventRounds "4"]
[EventCountry "CAN"]
[SourceTitle "EXT 2022"]
[Source "ChessBase"]
[SourceDate "2021.10.06"]
[SourceVersion "1"]
[SourceVersionDate "2021.10.06"]
[SourceQuality "1"]

1. f4 c5 2. Nf3 Nf6 3. e3 g6 4. b3 Bg7 5. Bb2 O-O 6. Be2 Nc6 7. O-O d5 8. Ne5 d4 9. Nxc6 bxc6 10. Na3 dxe3 11. dxe3 Qxd1 12. Raxd1 Nd5 13. Bxg7 Kxg7 14. Kf2 Nc3 15. Rd3 Nxa2 16. Ra1 Nb4 17. Rc3 Be6 18. Rxc5 Rfd8 19. Rd1 Rd5 20. Rdxd5 cxd5 21. c3 Na2 22. Nb5 a5 23. Nc7 Ra7 24. Nb5 Ra8 25. Nd4 a4 26. bxa4 Rxa4 27. g4 Ra7 28. f5 Bd7 29. Bf3 e6 30. Ne2 gxf5 31. gxf5 Kf6 32. fxe6 fxe6 33. e4 dxe4 34. Bxe4 Be8 35. Ke3 e5 36. Kd2 Ba4 37. Bd5 Rd7 38. Ke3 1-0

[Event "Winnipeg TNT June op"]
[Site "Winnipeg CAN"]
[Date "2012.06.19"]
[Round "3.4"]
[White "Campbell, Gary"]
[Black "Le Dorze, Philippe"]
[Result "1-0"]
[WhiteElo "1720"]
[BlackElo "1608"]
[PlyCount "62"]
[GameId "2160767909509203"]
[EventDate "2012.06.05"]
[EventType "swiss"]
[EventRounds "4"]
[EventCountry "CAN"]
[SourceTitle "EXT 2022"]
[Source "ChessBase"]
[SourceDate "2021.10.06"]
[SourceVersion "1"]
[SourceVersionDate "2021.10.06"]
[SourceQuality "1"]

1. d4 e6 2. c4 Nf6 3. Nc3 d5 4. cxd5 exd5 5. Bg5 Be7 6. e3 Nbd7 7. Bd3 h6 8. Bh4 c6 9. Nf3 g5 10. Bg3 Nh5 11. Be5 Nxe5 12. Nxe5 Nf6 13. h3 Bf5 14. Qc2 Nd7 15. Nf3 Qc7 16. Rc1 g4 17. hxg4 Bxg4 18. Nxd5 Qa5+ 19. Nc3 Bxf3 20. gxf3 Bb4 21. a3 Bd6 22. Ke2 O-O-O 23. Nb5 Bc7 24. b4 Qb6 25. Nxc7 Kxc7 26. Qc4 Rdf8 27. b5 Nf6 28. d5 Kd8 29. dxc6 bxc6 30. Qxc6 Qxc6 31. Rxc6 Nd5 1-0

[Event "Winnipeg TNT June op"]
[Site "Winnipeg CAN"]
[Date "2012.06.19"]
[Round "3.4"]
[White "Czarny, Keith"]
[Black "Bince, Rolando"]
[Result "0-1"]
[WhiteElo "1680"]
[BlackElo "2091"]
[PlyCount "44"]
[GameId "2160767909509204"]
[EventDate "2012.06.05"]
[EventType "swiss"]
[EventRounds "4"]
[EventCountry "CAN"]
[SourceTitle "EXT 2022"]
[Source "ChessBase"]
[SourceDate "2021.10.06"]
[SourceVersion "1"]
[SourceVersionDate "2021.10.06"]
[SourceQuality "1"]

1. Nf3 Nf6 2. c4 g6 3. Nc3 Bg7 4. g3 h5 5. Bg2 c5 6. d3 Nc6 7. O-O h4 8. Nxh4 e6 9. Bg5 Qc7 10. Nb5 Qb8 11. d4 a6 12. Bf4 e5 13. dxe5 Nh5 14. Nd6+ Kf8 15. Qd5 Nd8 16. Bg5 Ne6 17. f4 Kg8 18. f5 Nxg5 19. fxg6 Rh6 20. gxf7+ Kf8 21. Nhf5 Rf6 22. Qf3 Nxf3+ 0-1

[Event "Winnipeg TNT June op"]
[Site "Winnipeg CAN"]
[Date "2012.06.19"]
[Round "3.4"]
[White "Green, Aaron"]
[Black "Moleta, Johan Kenneth"]
[Result "1/2-1/2"]
[WhiteElo "1993"]
[BlackElo "1817"]
[PlyCount "59"]
[GameId "2160767909509205"]
[EventDate "2012.06.05"]
[EventType "swiss"]
[EventRounds "4"]
[EventCountry "CAN"]
[SourceTitle "EXT 2022"]
[Source "ChessBase"]
[SourceDate "2021.10.06"]
[SourceVersion "1"]
[SourceVersionDate "2021.10.06"]
[SourceQuality "1"]

1. e4 c5 2. c3 d6 3. d4 cxd4 4. cxd4 Nf6 5. Nc3 g6 6. Nf3 Bg7 7. Bb5+ Bd7 8. Bxd7+ Qxd7 9. O-O Nc6 10. e5 dxe5 11. d5 e4 12. dxc6 Qxd1 13. Rxd1 exf3 14. Nb5 O-O 15. cxb7 Rab8 16. Nxa7 Rxb7 17. Nc6 e6 18. a4 Nd5 19. a5 Ra8 20. gxf3 Ra6 21. Nd4 Rb4 22. Nc2 Rb5 23. Ne3 Raxa5 24. Rxa5 Rxa5 25. Nxd5 exd5 26. Bd2 Rb5 27. b4 Bf8 28. Kf1 f5 29. Ra1 Kf7 30. Ke2 1/2-1/2

[Event "Winnipeg TNT June op"]
[Site "Winnipeg CAN"]
[Date "2012.06.19"]
[Round "3.4"]
[White "Hemphill, James"]
[Black "Boron, Anthony"]
[Result "0-1"]
[WhiteElo "1711"]
[BlackElo "2088"]
[PlyCount "76"]
[GameId "2160767909509206"]
[EventDate "2012.06.05"]
[EventType "swiss"]
[EventRounds "4"]
[EventCountry "CAN"]

1. c4 e5 2. Nc3 Bb4 3. g3 Bxc3 4. dxc3 f5 5. Bg2 Nf6 6. Nf3 Nc6 7. O-O O-O 8. c5 Qe7 9. b4 a6 10. a4 Kh8 11. Bg5 Nd8 12. e3 Nf7 13. Bxf6 Qxf6 14. b5 axb5 15. axb5 Rxa1 16. Qxa1 d6 17. Qa3 f4 18. exf4 exf4 19. Qb4 dxc5 20. Qxc5 Qd6 21. Qxd6 Nxd6 22. Nd2 Nxb5 23. c4 Nd6 24. Rb1 c6 25. c5 Nb5 26. Bf1 fxg3 27. hxg3 Rd8 28. Nc4 Bf5 29. Rc1 g6 30. Ne3 Nd4 31. f4 Be4 32. Nc4 Rd7 33. Kf2 Nb3 34. Re1 Nxc5 35. Ne5 Rd4 36. Ke3 Ra4 37. g4 Bd5 38. f5 Re4+ 0-1

[Event "Winnipeg TNT June op"]
[Site "Winnipeg CAN"]
[Date "2012.06.19"]
[Round "3.4"]
[White "Leaden, Bruce"]
[Black "Baron, Cody"]
[Result "1-0"]
[WhiteElo "1481"]
[BlackElo "1577"]
[PlyCount "69"]
[GameId "2160767909509207"]
[EventDate "2012.06.05"]
[EventType "swiss"]
[EventRounds "4"]
[EventCountry "CAN"]
[SourceTitle "EXT 2022"]
[Source "ChessBase"]
[SourceDate "2021.10.06"]
[SourceVersion "1"]
[SourceVersionDate "2021.10.06"]
[SourceQuality "1"]

1. e4 c5 2. Nc3 Nc6 3. f4 e6 4. Nf3 d5 5. Bb5 a6 6. Bxc6+ bxc6 7. d3 Nf6 8. O-O Be7 9. Bd2 Rb8 10. b3 O-O 11. e5 Nd7 12. a4 a5 13. Ne2 Qb6 14. Kh1 f6 15. Qe1 Bd8 16. d4 Rb7 17. Rb1 Nb8 18. Be3 c4 19. bxc4 Qxb1 20. Qxb1 Rxb1 21. Rxb1 Na6 22. cxd5 cxd5 23. c3 Bd7 24. Ra1 Bb6 25. Nc1 Rc8 26. Bd2 Rc4 27. Nd3 Bxa4 28. Nb2 Bb3 29. Nxc4 Bxc4 30. Bc1 Bb3 31. Ba3 Nc7 32. Nd2 Bc2 33. Ra2 Bd3 34. Rb2 Bb5 35. Bd6 1-0

[Event "Winnipeg TNT June op"]
[Site "Winnipeg CAN"]
[Date "2012.06.19"]
[Round "3.4"]
[White "Ma, Derek"]
[Black "Avena, Danilo"]
[Result "1-0"]
[WhiteElo "1599"]
[BlackElo "1756"]
[PlyCount "69"]
[GameId "2160767909509208"]
[EventDate "2012.06.05"]
[EventType "swiss"]
[EventRounds "4"]
[EventCountry "CAN"]
[SourceTitle "EXT 2022"]
[Source "ChessBase"]
[SourceDate "2021.10.06"]
[SourceVersion "1"]
[SourceVersionDate "2021.10.06"]
[SourceQuality "1"]

1. e4 c5 2. Nf3 d6 3. d4 cxd4 4. Nxd4 a6 5. Nc3 Nf6 6. Bg5 e6 7. f4 Be7 8. Qf3 Qc7 9. O-O-O Nc6 10. Nb3 O-O 11. Qg3 Kh8 12. Bd3 e5 13. f5 b5 14. Bxf6 Bxf6 15. Nd5 Qd8 16. h4 Rg8 17. Nxf6 Qxf6 18. Qg5 Bb7 19. g4 Rac8 20. a3 b4 21. Rdg1 bxa3 22. bxa3 a5 23. Qxf6 gxf6 24. g5 a4 25. Nd2 Kg7 26. Nc4 Rgd8 27. h5 fxg5 28. Rxg5+ Kf6 29. Rhg1 Nd4 30. Nb6 Nf3 31. Ba6 Bxe4 32. Bxc8 Nxg5 33. Bd7 Nf3 34. Rg4 Bxf5 35. Nd5# 1-0

[Event "Winnipeg TNT June op"]
[Site "Winnipeg CAN"]
[Date "2012.06.19"]
[Round "3.4"]
[White "Magnusson, Saul"]
[Black "Wolchock, Theo"]
[Result "1-0"]
[WhiteElo "1788"]
[BlackElo "1749"]
[PlyCount "75"]
[GameId "2160767909509209"]
[EventDate "2012.06.05"]
[EventType "swiss"]
[EventRounds "4"]
[EventCountry "CAN"]
[SourceTitle "EXT 2022"]
[Source "ChessBase"]
[SourceDate "2021.10.06"]
[SourceVersion "1"]
[SourceVersionDate "2021.10.06"]
[SourceQuality "1"]

1. e3 c5 2. c4 g6 3. Nc3 Bg7 4. Nf3 Nc6 5. Be2 Nf6 6. Rb1 O-O 7. a3 e6 8. b4 cxb4 9. axb4 d5 10. c5 e5 11. b5 Nb8 12. Nxe5 d4 13. Na4 dxe3 14. fxe3 Ne4 15. Nf3 Bg4 16. O-O Bf5 17. d3 Nf6 18. Nd4 Bd7 19. Bf3 Qc7 20. Qc2 Rc8 21. Bb2 Ng4 22. Bxg4 Bxg4 23. Nb3 Bxb2 24. Nxb2 b6 25. d4 Be6 26. Nc4 Bxc4 27. Qxc4 Qe7 28. Rf3 bxc5 29. Rbf1 Rf8 30. Nxc5 Nd7 31. Nxd7 Qxd7 32. Qc6 Rad8 33. Rf6 Qe7 34. R1f3 Rc8 35. Rxf7 Rxf7 36. Qxc8+ Rf8 37. Qxf8+ Qxf8 38. Rxf8+ 1-0

[Event "Winnipeg TNT June op"]
[Site "Winnipeg CAN"]
[Date "2012.06.19"]
[Round "3.4"]
[White "Moncal, Nilo"]
[Black "Kernetsky, Myron"]
[Result "1-0"]
[WhiteElo "2097"]
[BlackElo "2040"]
[PlyCount "71"]
[GameId "2160767909509210"]
[EventDate "2012.06.05"]
[EventType "swiss"]
[EventRounds "4"]
[EventCountry "CAN"]
[SourceTitle "EXT 2022"]
[Source "ChessBase"]
[SourceDate "2021.10.06"]
[SourceVersion "1"]
[SourceVersionDate "2021.10.06"]
[SourceQuality "1"]

1. d4 Nf6 2. Nc3 d5 3. Nf3 Bf5 4. h3 h6 5. Bf4 a6 6. e3 e6 7. g4 Bh7 8. Bd3 Bxd3 9. Qxd3 Nbd7 10. O-O-O b5 11. Ne5 Nxe5 12. dxe5 Nd7 13. e4 c6 14. f3 Qa5 15. Kb1 Bb4 16. Ne2 Be7 17. h4 O-O-O 18. exd5 cxd5 19. Bd2 Qc7 20. f4 Kb7 21. Nd4 Nc5 22. Qf3 Ne4 23. Bc1 Rc8 24. h5 Bc5 25. Rh2 Bb6 26. Re2 Qc4 27. Rxe4 dxe4 28. Qxe4+ Ka7 29. b3 Qc7 30. f5 Rhd8 31. fxe6 Rxd4 32. Rxd4 Bxd4 33. Qxd4+ Kb7 34. Qe4+ Qc6 35. Qxc6+ Kxc6 36. exf7 1-0

[Event "Winnipeg TNT June op"]
[Site "Winnipeg CAN"]
[Date "2012.06.19"]
[Round "3.4"]
[White "Nikouline, Alexandre"]
[Black "Kaptsan, Aron"]
[Result "1/2-1/2"]
[WhiteElo "2068"]
[BlackElo "1992"]
[PlyCount "50"]
[GameId "2160767909509211"]
[EventDate "2012.06.05"]
[EventType "swiss"]
[EventRounds "4"]
[EventCountry "CAN"]
[SourceTitle "EXT 2022"]
[Source "ChessBase"]
[SourceDate "2021.10.06"]
[SourceVersion "1"]
[SourceVersionDate "2021.10.06"]
[SourceQuality "1"]

1. e4 e5 2. Nf3 Nc6 3. Bb5 a6 4. Ba4 Nf6 5. O-O Be7 6. Re1 b5 7. Bb3 d6 8. c3 O-O 9. h3 Nb8 10. d4 Nbd7 11. Nbd2 Bb7 12. Bc2 Re8 13. Nf1 Bf8 14. Ng3 g6 15. Bd2 exd4 16. cxd4 c5 17. a3 cxd4 18. Bb3 Nc5 19. Ng5 Nxb3 20. Qxb3 Qd7 21. Qd3 Bg7 22. f4 h6 23. Nf3 d5 24. e5 Ne4 25. Nxd4 Rac8 1/2-1/2

[Event "Winnipeg TNT June op"]
[Site "Winnipeg CAN"]
[Date "2012.06.19"]
[Round "3.4"]
[White "Swift, Ryne"]
[Black "Remillard, John"]
[Result "1-0"]
[WhiteElo "1825"]
[BlackElo "1598"]
[PlyCount "53"]
[GameId "2160767909509212"]
[EventDate "2012.06.05"]
[EventType "swiss"]
[EventRounds "4"]
[EventCountry "CAN"]
[SourceTitle "EXT 2022"]
[Source "ChessBase"]
[SourceDate "2021.10.06"]
[SourceVersion "1"]
[SourceVersionDate "2021.10.06"]
[SourceQuality "1"]

1. e4 e5 2. Nf3 Nc6 3. d4 Nxd4 4. Nxd4 exd4 5. Qxd4 b6 6. Nc3 Bb7 7. Bd3 Qe7 8. f3 O-O-O 9. O-O Nf6 10. Bg5 d6 11. Bxf6 gxf6 12. Nd5 Bxd5 13. Qxd5 Kb8 14. Ba6 c5 15. Rfd1 Rd7 16. f4 Rg8 17. g3 Bh6 18. Kh1 Rgd8 19. Bb5 Rc7 20. e5 fxe5 21. fxe5 Bf8 22. exd6 Qxd6 23. Qf3 Qxd1+ 24. Rxd1 Rxd1+ 25. Qxd1 Kc8 26. Ba6+ Kb8 27. Qd8+ 1-0

[Event "Winnipeg TNT June op"]
[Site "Winnipeg CAN"]
[Date "2012.06.26"]
[Round "4.4"]
[White "Bince, Rolando"]
[Black "Ma, Derek"]
[Result "1-0"]
[WhiteElo "2091"]
[BlackElo "1599"]
[PlyCount "22"]
[GameId "2160767909509214"]
[EventDate "2012.06.05"]
[EventType "swiss"]
[EventRounds "4"]
[EventCountry "CAN"]
[SourceTitle "EXT 2022"]
[Source "ChessBase"]
[SourceDate "2021.10.06"]
[SourceVersion "1"]
[SourceVersionDate "2021.10.06"]
[SourceQuality "1"]

1. e4 c5 2. Nf3 d6 3. d4 Nf6 4. Bb5+ Bd7 5. c4 Bxb5 6. cxb5 Qa5+ 7. Nc3 Nxe4 8. Qd3 Nxc3 9. bxc3 Nd7 10. O-O Qd8 11. Qe4 b6 1-0

[Event "Winnipeg TNT June op"]
[Site "Winnipeg CAN"]
[Date "2012.06.26"]
[Round "4.4"]
[White "De Groot, Steven"]
[Black "Leaden, Bruce"]
[Result "1-0"]
[WhiteElo "1890"]
[BlackElo "1481"]
[PlyCount "61"]
[GameId "2160767909509215"]
[EventDate "2012.06.05"]
[EventType "swiss"]
[EventRounds "4"]
[EventCountry "CAN"]
[SourceTitle "EXT 2022"]
[Source "ChessBase"]
[SourceDate "2021.10.06"]
[SourceVersion "1"]
[SourceVersionDate "2021.10.06"]
[SourceQuality "1"]

1. c4 c5 2. Nc3 g6 3. g3 Bg7 4. Bg2 e5 5. e4 Ne7 6. Nge2 O-O 7. O-O Nbc6 8. d3 d6 9. h3 Be6 10. f4 exf4 11. gxf4 f5 12. Nd5 Nd4 13. Be3 Bxd5 14. cxd5 Nxe2+ 15. Qxe2 b5 16. e5 Rc8 17. d4 c4 18. a4 b4 19. Rfc1 dxe5 20. dxe5 Nxd5 21. Rd1 Nxf4 22. Bxf4 Qa5 23. Rd5 Rc5 24. Rad1 Rxd5 25. Bxd5+ Kh8 26. Qxc4 Qb6+ 27. Qd4 Qxd4+ 28. Rxd4 a5 29. Bc4 Rc8 30. b3 Bf8 31. Rd7 1-0

[Event "Winnipeg TNT June op"]
[Site "Winnipeg CAN"]
[Date "2012.06.26"]
[Round "4.4"]
[White "Kaptsan, Aron"]
[Black "Babb, Jeff"]
[Result "1/2-1/2"]
[WhiteElo "1992"]
[BlackElo "2208"]
[PlyCount "119"]
[GameId "2160767909509216"]
[EventDate "2012.06.05"]
[EventType "swiss"]
[EventRounds "4"]
[EventCountry "CAN"]
[SourceTitle "EXT 2022"]
[Source "ChessBase"]
[SourceDate "2021.10.06"]
[SourceVersion "1"]
[SourceVersionDate "2021.10.06"]
[SourceQuality "1"]

1. c4 e5 2. Nc3 Nc6 3. g3 g6 4. Bg2 Bg7 5. d3 d6 6. Nf3 f5 7. O-O Nf6 8. Rb1 a5 9. a3 Be6 10. Ng5 Bd7 11. e4 h6 12. Nf3 O-O 13. Nh4 Kh7 14. exf5 gxf5 15. Nd5 Nxd5 16. Bxd5 Bf6 17. Qh5 Bg7 18. Qg6+ Kh8 19. Bxh6 Qf6 20. Qxf6 Rxf6 21. Bg5 Rb8 22. Bxf6 Bxf6 23. Ng2 Nd4 24. f4 e4 25. dxe4 c6 26. Bf7 fxe4 27. Ne3 Nf3+ 28. Kf2 Nd2 29. b4 Kg7 30. Bh5 Rh8 31. g4 Nxf1 32. Kxf1 axb4 33. axb4 Bd4 34. Nc2 Bb6 35. c5 Bc7 36. cxd6 Bxd6 37. Rd1 Rh6 38. g5 Bh3+ 39. Kf2 Rxh5 40. Rxd6 Bg4 41. Ne3 Bc8 42. Nf1 Rh3 43. Rd4 Rf3+ 44. Ke2 Rxf4 45. Ng3 Rh4 46. Rxe4 Rxh2+ 47. Ke3 Kg6 48. Re8 Bg4 49. Rg8+ Kf7 50. Rb8 b5 51. Rb7+ Kg6 52. Rc7 Rc2 53. Ne4 Rc4 54. Nc5 Bf5 55. Rxc6+ Kxg5 56. Ne6+ Bxe6 57. Rxe6 Rxb4 58. Kd3 Kf5 59. Re8 Rh4 60. Kc3 1/2-1/2

[Event "Winnipeg TNT June op"]
[Site "Winnipeg CAN"]
[Date "2012.06.26"]
[Round "4.4"]
[White "Kernetsky, Myron"]
[Black "Magnusson, Saul"]
[Result "1-0"]
[WhiteElo "2040"]
[BlackElo "1788"]
[PlyCount "33"]
[GameId "2160767909509217"]
[EventDate "2012.06.05"]
[EventType "swiss"]
[EventRounds "4"]
[EventCountry "CAN"]
[SourceTitle "EXT 2022"]
[Source "ChessBase"]
[SourceDate "2021.10.06"]
[SourceVersion "1"]
[SourceVersionDate "2021.10.06"]
[SourceQuality "1"]

1. d4 Nf6 2. c4 g6 3. Nc3 c5 4. d5 b5 5. cxb5 a6 6. e4 d6 7. Nf3 Bg4 8. bxa6 Bxf3 9. Qxf3 Nxa6 10. Bc4 Bg7 11. O-O O-O 12. Qe2 Qa5 13. Bd2 Rfb8 14. Rab1 Nd7 15. f4 Nb6 16. Nb5 Qa4 17. Bb3 1-0

[Event "Winnipeg TNT June op"]
[Site "Winnipeg CAN"]
[Date "2012.06.26"]
[Round "4.4"]
[White "Moleta, Johan Kenneth"]
[Black "Swift, Ryne"]
[Result "1-0"]
[WhiteElo "1817"]
[BlackElo "1825"]
[PlyCount "51"]
[GameId "2160767909509219"]
[EventDate "2012.06.05"]
[EventType "swiss"]
[EventRounds "4"]
[EventCountry "CAN"]
[SourceTitle "EXT 2022"]
[Source "ChessBase"]
[SourceDate "2021.10.06"]
[SourceVersion "1"]
[SourceVersionDate "2021.10.06"]
[SourceQuality "1"]

1. d4 d5 2. c4 Nf6 3. cxd5 Nxd5 4. Nf3 e6 5. e4 Nf6 6. Nc3 Be7 7. Be2 O-O 8. O-O Re8 9. Bf4 Nbd7 10. Nb5 e5 11. Nxe5 Bd6 12. Nxf7 Kxf7 13. Qb3+ Kg6 14. Qg3+ Kf7 15. Bc4+ Kf8 16. e5 Nh5 17. Qf3 Nxf4 18. Qxf4+ Nf6 19. exd6 cxd6 20. Rae1 Rxe1 21. Rxe1 d5 22. Bd3 Bd7 23. Nc7 Rc8 24. Nxd5 h6 25. Qd6+ Kf7 26. Re7+ 1-0

[Event "Winnipeg TNT June op"]
[Site "Winnipeg CAN"]
[Date "2012.06.26"]
[Round "4.4"]
[White "Nikouline, Alexandre"]
[Black "Moncal, Nilo"]
[Result "1-0"]
[WhiteElo "2068"]
[BlackElo "2097"]
[PlyCount "43"]
[GameId "2160767909509220"]
[EventDate "2012.06.05"]
[EventType "swiss"]
[EventRounds "4"]
[EventCountry "CAN"]
[SourceTitle "EXT 2022"]
[Source "ChessBase"]
[SourceDate "2021.10.06"]
[SourceVersion "1"]
[SourceVersionDate "2021.10.06"]
[SourceQuality "1"]

1. e4 e6 2. d4 d5 3. Nc3 Nf6 4. e5 Nfd7 5. Nf3 c5 6. Be3 cxd4 7. Bxd4 Nc6 8. Be2 a6 9. O-O Be7 10. Qd2 Qc7 11. Rae1 b5 12. Nxd5 exd5 13. e6 fxe6 14. Bxg7 Rg8 15. Ng5 Bxg5 16. Bh5+ Kd8 17. Qxg5+ Ne7 18. Bf7 Rxg7 19. Qxg7 Nc5 20. Qf8+ Kd7 21. Be8+ Kd6 22. Qf4+ 1-0

[Event "Winnipeg TNT June op"]
[Site "Winnipeg CAN"]
[Date "2012.06.26"]
[Round "4.4"]
[White "Remillard, John"]
[Black "Czarny, Keith"]
[Result "1-0"]
[WhiteElo "1598"]
[BlackElo "1680"]
[PlyCount "43"]
[GameId "2160767909509221"]
[EventDate "2012.06.05"]
[EventType "swiss"]
[EventRounds "4"]
[EventCountry "CAN"]
[SourceTitle "EXT 2022"]
[Source "ChessBase"]
[SourceDate "2021.10.06"]
[SourceVersion "1"]
[SourceVersionDate "2021.10.06"]
[SourceQuality "1"]

1. c4 f5 2. Nf3 Nf6 3. Nc3 g6 4. d4 Bg7 5. b4 O-O 6. Bb2 b6 7. e3 Bb7 8. Qb3 e6 9. Rd1 a6 10. d5 exd5 11. Nxd5 Nxd5 12. cxd5 Bxb2 13. d6+ Kg7 14. Qxb2+ Rf6 15. Qe5 c5 16. Ng5 Nc6 17. Qf4 h6 18. h4 Nxb4 19. Bc4 b5 20. Nf7 Qa5 21. Qxh6+ Kg8 22. Qh8# 1-0

[Event "Winnipeg TNT June op"]
[Site "Winnipeg CAN"]
[Date "2012.06.26"]
[Round "4.4"]
[White "Wasserman, Leor"]
[Black "Campbell, Gary"]
[Result "1-0"]
[WhiteElo "2047"]
[BlackElo "1720"]
[PlyCount "39"]
[GameId "2160767909509222"]
[EventDate "2012.06.05"]
[EventType "swiss"]
[EventRounds "4"]
[EventCountry "CAN"]
[SourceTitle "EXT 2022"]
[Source "ChessBase"]
[SourceDate "2021.10.06"]
[SourceVersion "1"]
[SourceVersionDate "2021.10.06"]
[SourceQuality "1"]

1. e4 e6 2. d4 d5 3. exd5 exd5 4. Bd3 Bd6 5. c4 Nf6 6. Ne2 Be6 7. cxd5 Nxd5 8. Nbc3 O-O 9. O-O Re8 10. Nxd5 Bxd5 11. Nf4 Be4 12. Re1 Bxd3 13. Rxe8+ Qxe8 14. Nxd3 Nd7 15. Qf3 c6 16. Bg5 f6 17. Re1 Qg6 18. Bf4 Bxf4 19. Nxf4 Re8 20. Qb3+ 1-0

[Event "Winnipeg TNT March op"]
[Site "Winnipeg CAN"]
[Date "2012.03.06"]
[Round "1"]
[White "Baron, Cody"]
[Black "Reimer, Bruce"]
[Result "0-1"]
[WhiteElo "1438"]
[BlackElo "1487"]
[PlyCount "58"]
[GameId "2160767909576083"]
[EventDate "2012.03.06"]
[EventType "swiss"]
[EventRounds "4"]
[EventCountry "CAN"]
[SourceTitle "EXT 2022"]
[Source "ChessBase"]
[SourceDate "2021.10.06"]
[SourceVersion "1"]
[SourceVersionDate "2021.10.06"]
[SourceQuality "1"]

1. d4 Nf6 2. c4 d6 3. Nc3 g6 4. Nf3 Bg7 5. Bf4 O-O 6. h3 b6 7. e3 Bb7 8. Bd3 Nbd7 9. O-O Re8 10. Re1 e5 11. dxe5 dxe5 12. Bg5 e4 13. Nxe4 Bxe4 14. Bxe4 Rxe4 15. Qd3 Qe8 16. Rad1 Nc5 17. Qc2 a5 18. a3 a4 19. Rd4 Nb3 20. Bxf6 Nxd4 21. Bxd4 Bxd4 22. Nxd4 Rxd4 23. Qe2 Rd7 24. Qf3 Rad8 25. Qc6 Qe5 26. Qxa4 Qxb2 27. e4 Rd2 28. Qb4 Qxb4 29. axb4 Rd1 0-1

[Event "Winnipeg TNT March op"]
[Site "Winnipeg CAN"]
[Date "2012.03.06"]
[Round "1"]
[White "Green, Jim"]
[Black "Li, Kevin"]
[Result "0-1"]
[WhiteElo "1814"]
[BlackElo "2219"]
[PlyCount "52"]
[GameId "2160767909576084"]
[EventDate "2012.03.06"]
[EventType "swiss"]
[EventRounds "4"]
[EventCountry "CAN"]
[SourceTitle "EXT 2022"]
[Source "ChessBase"]
[SourceDate "2021.10.06"]
[SourceVersion "1"]
[SourceVersionDate "2021.10.06"]
[SourceQuality "1"]

1. e4 c5 2. Nf3 Nc6 3. Bb5 g6 4. Bxc6 dxc6 5. h3 Bg7 6. d3 e5 7. O-O Ne7 8. Be3 b6 9. Nbd2 Qc7 10. a4 O-O 11. a5 Ba6 12. axb6 axb6 13. b3 Rfe8 14. Rb1 Nc8 15. Nh2 Nd6 16. f4 Nb5 17. Qf3 exf4 18. Bxf4 Qd8 19. Be3 f5 20. Kh1 Nc3 21. Rbe1 fxe4 22. Qf7+ Kh8 23. dxe4 Bxf1 24. Nhxf1 Qe7 25. Qxe7 Rxe7 26. b4 Nxe4 0-1

[Event "Winnipeg TNT March op"]
[Site "Winnipeg CAN"]
[Date "2012.03.06"]
[Round "1"]
[White "Kaptsan, Aron"]
[Black "Remillard, John"]
[Result "1-0"]
[WhiteElo "1943"]
[BlackElo "1583"]
[PlyCount "79"]
[GameId "2160767909576085"]
[EventDate "2012.03.06"]
[EventType "swiss"]
[EventRounds "4"]
[EventCountry "CAN"]
[SourceTitle "EXT 2022"]
[Source "ChessBase"]
[SourceDate "2021.10.06"]
[SourceVersion "1"]
[SourceVersionDate "2021.10.06"]
[SourceQuality "1"]

1. d4 d5 2. c4 dxc4 3. e4 b6 4. Bxc4 Bb7 5. Nc3 Nf6 6. f3 a6 7. Be3 Nc6 8. Nge2 e5 9. d5 Na5 10. Bd3 Bc8 11. O-O Bc5 12. Bxc5 bxc5 13. Qa4+ c6 14. Rfd1 Qb6 15. Kh1 O-O 16. dxc6 Nxc6 17. b3 Rd8 18. Rac1 Nd4 19. Qa3 Be6 20. Na4 Qb4 21. Qxb4 cxb4 22. Nxd4 Rxd4 23. Kg1 Rad8 24. Nb2 a5 25. Kf2 Nh5 26. g3 g5 27. Ke3 Ng7 28. Rc5 a4 29. Nxa4 f5 30. Rxe5 fxe4 31. Rxe4 Nf5+ 32. Ke2 Rxe4+ 33. Bxe4 Nd4+ 34. Kf2 Rd6 35. Rd2 Nb5 36. Rxd6 Nxd6 37. Nc5 Nxe4+ 38. fxe4 Kf7 39. Nd3 Kf6 40. Nxb4 1-0

[Event "Winnipeg TNT March op"]
[Site "Winnipeg CAN"]
[Date "2012.03.06"]
[Round "1"]
[White "Mundwiler, Les"]
[Black "Swift, Ryne"]
[Result "1/2-1/2"]
[WhiteElo "2087"]
[BlackElo "1807"]
[PlyCount "109"]
[GameId "2160767909576086"]
[EventDate "2012.03.06"]
[EventType "swiss"]
[EventRounds "4"]
[EventCountry "CAN"]
[SourceTitle "EXT 2022"]
[Source "ChessBase"]
[SourceDate "2021.10.06"]
[SourceVersion "1"]
[SourceVersionDate "2021.10.06"]
[SourceQuality "1"]

1. Nf3 Nf6 2. g3 d5 3. Bg2 g6 4. O-O Bg7 5. d3 O-O 6. h3 c5 7. c3 Nc6 8. Be3 b6 9. Qc1 Bb7 10. Bh6 Qd7 11. Bxg7 Kxg7 12. Na3 Rac8 13. Qe3 Rfe8 14. d4 cxd4 15. cxd4 Ne4 16. Rad1 f6 17. Kh2 Red8 18. h4 Na5 19. Bh3 e6 20. Ne1 Re8 21. Nd3 Nc4 22. Nxc4 Rxc4 23. Nf4 Bc8 24. Rc1 Rxc1 25. Rxc1 f5 26. Nd3 Qd6 27. Ne5 Bb7 28. f3 Nf6 29. g4 Nd7 30. gxf5 exf5 31. f4 Nf6 32. Qb3 Nh5 33. Qf3 Nf6 34. a3 Ne4 35. Rg1 Bc8 36. h5 Rh8 37. hxg6 hxg6 38. Rxg6+ Qxg6 39. Nxg6 Kxg6 40. Kg1 Ba6 41. Qe3 Rc8 42. Bg2 Rc2 43. Bxe4 dxe4 44. Qg3+ Kf6 45. Qg5+ Ke6 46. Qg6+ Kd5 47. Qxf5+ Kxd4 48. Qd7+ Ke3 49. Qxa7 Bxe2 50. Qa4 Bd3 51. f5 Kf3 52. Qd4 Rg2+ 53. Kh1 Rg5 54. f6 Rh5+ 55. Kg1 1/2-1/2